Action for employment in Europe: a confidence pact (CSE(96) 1 final).--supplement 4/96 to the bulletin of the European Union (Record no. 33423)

MARC details
000 -LEADER
fixed length control field 01022nam a2200205 a 4500
008 - FIXED-LENGTH DATA ELEMENTS--GENERAL INFORMATION
fixed length control field 100614s1996 ||||||||||||||||| || u
020 ## - INTERNATIONAL STANDARD BOOK NUMBER
International Standard Book Number 9282785203
050 ## - LIBRARY OF CONGRESS CALL NUMBER
Classification number EURO(02)
110 ## - MAIN ENTRY--CORPORATE NAME
Corporate name or jurisdiction name as entry element European Union
245 10 - TITLE STATEMENT
Title Action for employment in Europe: a confidence pact (CSE(96) 1 final).--supplement 4/96 to the bulletin of the European Union
260 ## - PUBLICATION, DISTRIBUTION, ETC.
Place of publication, distribution, etc. Luxembourg:
Name of publisher, distributor, etc. Office for Official Publications of the European Communities
Date of publication, distribution, etc. 1996
300 ## - PHYSICAL DESCRIPTION
Extent 39p.
350 ## - PRICE (NR) (BK AM CF MU VM SE) [OBSOLETE]
Price 0.00
490 ## - SERIES STATEMENT
Series statement Bulletin of the European Union
500 ## - GENERAL NOTE
General note Speech delivered by President Jacques Santer at the Tripartite Conference on Growth and employment (Rome, 14 june 1996). Extracts of the conclusions of the Florence European Council.
650 #0 - SUBJECT ADDED ENTRY--TOPICAL TERM
Topical term or geographic name entry element ECONOMICS
650 ## - SUBJECT ADDED ENTRY--TOPICAL TERM
Topical term or geographic name entry element ECONOMIC DEVELOPMENT--SOCIAL ASPECTS
650 ## - SUBJECT ADDED ENTRY--TOPICAL TERM
Topical term or geographic name entry element EUROPE --ECONOMIC CONDITIONS--CONGRESSES
995 ## - RECOMMENDATION 995 [LOCAL, UNIMARC FRANCE]
-- 0.00
-- CBU-MAIN LIBRARY (Kitwe)
-- 1
-- 0.00
-- 1
-- AVAILABLE
-- Jun 14, 2010
-- International Publications
Holdings
Withdrawn status Lost status Source of classification or shelving scheme Damaged status Not for loan Home library Current library Shelving location Date acquired Total Checkouts Full call number Barcode Date last seen Price effective from Koha item type
          CBU-MAIN LIBRARY, KITWE. CBU-MAIN LIBRARY, KITWE.   11/30/2022   EURO(02) Z03006450 11/30/2022 11/30/2022 MONOGRAPH